• 首页
  • 本馆介绍
  • 公告通知
  • 最新文献
  • 馆藏检索
  • 电子资源
  • 读者导购
  • 参考咨询
  • 我的图书馆
  • 登录
  • 详细信息显示
  • 放入我的书架
  • 预约/预借图书
  • 作者相关作品
  • 分类相关作品
  • 丛书相关作品
  • 出版社相关作品

书目信息

  • 表格格式
  • 工作单格式
  • 卡片格式
题名:
微波接力通信工程施工及验收技术规范
    
 
作者:
分册:  
出版信息: 北京   人民邮电出版社  1985.3
页数: 56页
开本: 20cm
丛书名:
单 册:
中图分类: T-652.2
科图分类:
主题词: 工业技术--规程 , 工业技术--标准
电子资源:
ISBN:
000 00575nam0 2200193 45
001 0312221749
005 20031222170904.5
010    @dCNY1.30
100    @a20031222d1985 km y0chiy0120 ea
101    @achi
105    @a z 000yy
200 1  @a微波接力通信工程施工及验收技术规范@AWei Bo Jie Li Tong Xin Gong Cheng Shi Gong Ji Yan Shou Ji Shu Gui Fan
210    @a北京@c人民邮电出版社@d1985.3
215    @a56页@d20cm
606 0  @a工业技术@x规程
606 0  @a工业技术@x标准
690    @aT-652.2@v3
801    @aCN@bTSTCL@c20031222
905    @a213230@dT-652.2@e15@b161817-818@f2
    
    微波接力通信工程施工及验收技术规范.-北京:人民邮电出版社,1985.3
    56页;20cm
    
    
    ISBN :CNY1.30
    
●
相关链接 在E读中查询图书 在五车中查询图书 在当当中查询图书 在豆瓣中查询图书


正题名:微波接力通信工程施工及验收技术规范     索取号:T-652.2/15         预约/预借

序号 登录号 条形码 馆藏地/架位号 状态 备注
1 0161817   000882753   第三借阅区/ [索取号:T-652.2/15] 在馆    
2 0161818   000882691   第二样本阅览室/ [索取号:T-652.2/15] 在馆    
唐山师范学院图书馆 欢迎您!
大连网信软件有限公司© 版权所有